[Event "London Classic Open 2019"]
[Site "London ENG"]
[Date "2019.12.01"]
[Round "4.66"]
[White "Voiculescu-Holvad, Stefan"]
[Black "Nelson, Omowale"]
[Result "0-1"]
[WhiteElo "1614"]
[BlackElo "1924"]
[WhiteFideId "20692005"]
[BlackFideId "7400209"]
[EventDate "2019.11.29"]

1. d4 d5 2. c4 dxc4 3. Nf3 Nf6 4. e3 e6 5. Bxc4 a6 6. O-O b5 7. Be2 Bb7 8. Ne5
Nbd7 9. f4 c5 10. a4 b4 11. f5 Nxe5 12. dxe5 Qxd1 13. Bxd1 Nd7 14. Bb3 Ke7 15.
fxe6 fxe6 16. e4 h6 17. Bf4 g5 18. Bg3 Bg7 19. Nd2 Bxe5 20. Bxe5 Nxe5 21. Nc4
Nxc4 22. Bxc4 Rad8 23. Rad1 a5 24. e5 Bd5 25. Bb5 Rhf8 26. Rxf8 Rxf8 27. Rc1 c4
28. Bxc4 Rc8 29. b3 Rc5 30. Kf2 Bxc4 31. bxc4 Rxe5 32. c5 Kd7 33. c6+ Kc7 34.
Kf3 h5 35. h3 Rd5 36. Ke4 Rd2 37. g4 hxg4 38. hxg4 Rg2 39. Kf3 Ra2 40. Rc5 Rxa4
41. Rxg5 b3 42. Rc5 b2 43. Rb5 Rb4 44. Rxb4 axb4 0-1

[Event "London Classic Open 2019"]
[Site "London ENG"]
[Date "2019.12.01"]
[Round "4.67"]
[White "Lim, Kai Jun"]
[Black "Dias, Savin"]
[Result "0-1"]
[WhiteElo "1356"]
[BlackElo "1916"]
[WhiteFideId "5819296"]
[BlackFideId "442399"]
[EventDate "2019.11.29"]

1. e4 c5 2. Nf3 Nc6 3. d4 cxd4 4. Nxd4 g6 5. Nb3 Nf6 6. Nc3 Bg7 7. Be2 O-O 8.
O-O d6 9. Re1 Be6 10. Bf3 Ne5 11. Nd4 Nxf3+ 12. Nxf3 Rc8 13. Bf4 Qb6 14. Rb1 Qa5
15. b4 Qh5 16. Ne2 Nxe4 17. Nfd4 Bxa2 18. Ra1 Bc4 19. Ng3 Nxg3 20. Bxg3 Qxd1 21.
Raxd1 Bxd4 22. Rxd4 Be6 23. Bh4 Rfe8 24. Rd2 Rc4 25. Bg3 Rxb4 26. h3 Rc8 27. Ra1
a6 28. Bh2 Rb2 29. Rc1 Bf5 30. g4 Rcxc2 31. Rcxc2 Rxc2 32. Rxc2 Bxc2 33. Kf1 b5
34. Ke1 a5 35. Kd2 Be4 36. Kc3 g5 37. f4 Bg2 38. fxg5 Bxh3 39. g6 Bxg4 40. gxh7+
Kxh7 41. Bf4 e5 42. Bd2 f5 43. Kd3 b4 44. Kc4 f4 45. Kd5 f3 46. Be3 b3 47. Kxd6
b2 48. Kxe5 b1=Q 49. Bd4 a4 50. Kf4 a3 51. Be5 Qf5+ 52. Kg3 f2 53. Bf4 Kg6 54.
Kxf2 Qxf4+ 55. Kg1 Qg3+ 56. Kf1 Qe3 57. Kg2 Kg5 58. Kh2 Kh4 59. Kg2 Qe2+ 60. Kg1
Kg3 0-1

[Event "London Classic Open 2019"]
[Site "London ENG"]
[Date "2019.12.01"]
[Round "4.68"]
[White "Rushbrooke, Remy"]
[Black "Volovich, Julia"]
[Result "1-0"]
[WhiteElo "2053"]
[BlackElo "1753"]
[WhiteFideId "443590"]
[BlackFideId "447099"]
[EventDate "2019.11.29"]

1. Nf3 Nf6 2. g3 g6 3. Bg2 Bg7 4. d4 d6 5. c4 O-O 6. Nc3 Nc6 7. O-O a6 8. Qc2
Bg4 9. d5 Bxf3 10. exf3 Nd4 11. Qd3 Nd7 12. f4 c5 13. b3 b5 14. Bb2 b4 15. Nd1
a5 16. Rb1 a4 17. Ne3 axb3 18. axb3 Ra2 19. h4 Rxb2 20. Rxb2 Nf3+ 21. Bxf3 Bxb2
22. Qc2 Bg7 23. f5 Bd4 24. Ng4 Ne5 25. Nxe5 Bxe5 26. Be4 Qd7 27. Kg2 Ra8 28.
fxg6 hxg6 29. f4 Bf6 30. f5 Qa7 31. fxg6 fxg6 32. Rf2 Qa1 33. Bxg6 Kg7 34. h5
Qc3 35. Qe4 Qd4 36. Qe6 Kh6 37. Qf7 Qd1 38. Bc2 Qxh5 39. Qh7+ 1-0

[Event "London Classic Open 2019"]
[Site "London ENG"]
[Date "2019.12.01"]
[Round "4.69"]
[White "Chakanyuka, Charles"]
[Black "Bansal, Saahil"]
[Result "1-0"]
[WhiteElo "2036"]
[BlackElo "1751"]
[WhiteFideId "11000341"]
[BlackFideId "438316"]
[EventDate "2019.11.29"]

1. e4 e6 2. d4 d5 3. e5 c5 4. c3 Qb6 5. Nf3 Bd7 6. Be2 Nc6 7. O-O Rc8 8. a3 cxd4
9. cxd4 Nge7 10. b4 Nf5 11. Bb2 h5 12. Kh1 g6 13. Nc3 Bg7 14. Na4 Qd8 15. Bd3
Nce7 16. Nc5 b6 17. Nxd7 Qxd7 18. Qe2 O-O 19. Bb5 Qd8 20. Ba6 Rb8 21. h3 Nh6 22.
Bc1 Nef5 23. Bg5 Qd7 24. a4 f6 25. exf6 Bxf6 26. Bxf6 Rxf6 27. Ne5 Qd6 28. Qb2
Rbf8 29. Kg1 Nf7 30. Bb5 Rd8 31. Rac1 Qe7 32. Nc6 Qd6 33. Nxd8 Nxd8 34. Rc8 Ne7
35. Ra8 Rf8 36. Rc1 Nec6 37. Qc2 Ne7 38. Rxa7 Qxb4 39. Rb1 Qd6 40. Rd7 Qa3 41.
Qc7 Qa2 42. Rf1 Nf5 43. Rxd8 Nxd4 44. Rxf8+ Kxf8 45. Qf4+ Nf5 46. g4 1-0

[Event "London Classic Open 2019"]
[Site "London ENG"]
[Date "2019.12.01"]
[Round "4.71"]
[White "Gaier, Walter"]
[Black "Zhao, Haolin"]
[Result "1-0"]
[WhiteElo "1750"]
[BlackElo "1842"]
[WhiteFideId "1310186"]
[BlackFideId "428680"]
[EventDate "2019.11.29"]

1. e4 c5 2. b4 cxb4 3. a3 d5 4. e5 Nc6 5. d4 g6 6. axb4 Nxb4 7. c3 Nc6 8. Bd3
Bg7 9. Na3 f6 10. f4 Nh6 11. Nf3 Bg4 12. O-O O-O 13. Nc2 Bf5 14. Ne3 Bxd3 15.
Qxd3 Qd7 16. Re1 fxe5 17. dxe5 e6 18. Ng5 Kh8 19. Nc4 Nf7 20. Nxf7+ Qxf7 21. Nd6
Qd7 22. Qe3 b6 23. Rd1 Ne7 24. Qh3 Nf5 25. Ne4 Kg8 26. g4 Ne7 27. Nd6 Qc6 28.
Ra2 Nc8 29. g5 Qd7 30. Rxd5 Qe7 31. Nxc8 Raxc8 32. Ba3 Qf7 33. Bxf8 Bxf8 34. Rd3
Bc5+ 35. Kg2 Rc7 36. Qf3 Bf8 37. Qe4 Kg7 38. Rad2 a5 39. Kg3 Bc5 40. Qa4 Rc8 41.
Rd7 Be7 42. Rxe7 Rxc3+ 43. Kg4 Qxe7 44. Rd7 Rc7 45. Rxe7+ Rxe7 46. Qc6 b5 47.
Qxb5 h5+ 48. gxh6+ Kxh6 49. Qxa5 g5 50. Qd8 Rg7 51. Qf6+ Kh7 52. fxg5 Kh8 53. h4
Kh7 54. Qh6+ Kg8 55. Qxe6+ Kh8 56. Qh6+ Kg8 57. Qxg7+ Kxg7 58. Kf5 Kf7 59. e6+
Kg7 60. g6 Kh6 61. e7 Kg7 62. e8=Q Kh6 63. Qh8# 1-0

[Event "London Classic Open 2019"]
[Site "London ENG"]
[Date "2019.12.01"]
[Round "4.72"]
[White "Barasi, Paul Dl"]
[Black "Mohnblatt, Daniel"]
[Result "1-0"]
[WhiteElo "1770"]
[BlackElo "1688"]
[WhiteFideId "432830"]
[BlackFideId "648582"]
[EventDate "2019.11.29"]

1. d4 Nf6 2. Bg5 e6 3. e3 c5 4. c3 cxd4 5. exd4 Qb6 6. Qc2 Nc6 7. Nd2 d5 8. Ngf3
h6 9. Bf4 Bd7 10. Bd3 Rc8 11. Qb3 Qxb3 12. axb3 a6 13. h3 Nh5 14. Bh2 g5 15. g4
Nf4 16. Bxf4 gxf4 17. b4 Bd6 18. Rd1 Ke7 19. Nb3 Rcg8 20. Nc5 Bxc5 21. bxc5 h5
22. g5 h4 23. Kd2 f6 24. gxf6+ Kxf6 25. Rde1 Rh5 26. Rhg1 Rxg1 27. Rxg1 e5 28.
Rg6+ Ke7 29. Rg7+ Kd8 30. Bg6 Rh6 31. Ng5 Kc8 32. Nf7 Rxg6 33. Rxg6 exd4 34. Ng5
dxc3+ 35. Kxc3 d4+ 36. Kd2 Ne5 37. Rg8+ Kc7 38. Rf8 Nc4+ 39. Kd3 Nxb2+ 40. Kxd4
a5 41. Rxf4 a4 42. Rf3 b5 43. cxb6+ Kxb6 44. Kc3 Nd1+ 45. Kc2 1-0

[Event "London Classic Open 2019"]
[Site "London ENG"]
[Date "2019.12.01"]
[Round "4.74"]
[White "Cotter, Len"]
[Black "Kumar, Sanjit S"]
[Result "1-0"]
[WhiteElo "1665"]
[BlackElo "1469"]
[WhiteFideId "431419"]
[BlackFideId "468142"]
[EventDate "2019.11.29"]

1. d4 d5 2. Nf3 e6 3. Bf4 Nf6 4. c4 c5 5. e3 Nc6 6. Bd3 Bd6 7. Bxd6 Qxd6 8. O-O
O-O 9. Nc3 a6 10. Rc1 dxc4 11. Bxc4 b5 12. Bd3 cxd4 13. exd4 Bb7 14. Ne4 Nxe4
15. Bxe4 Rac8 16. Bxh7+ Kxh7 17. Ng5+ Kg6 18. Qg4 Qxd4 19. Ne4+ Kh7 20. Rc3 f5
21. Qh5+ Kg8 22. Ng5 Rfd8 23. Qf7+ Kh8 24. Rh3+ Qh4 25. Rxh4# 1-0

[Event "London Classic Open 2019"]
[Site "London ENG"]
[Date "2019.12.01"]
[Round "4.75"]
[White "Haddock, Paul"]
[Black "Jekel, Wolfgang"]
[Result "1/2-1/2"]
[WhiteElo "1481"]
[BlackElo "1662"]
[WhiteFideId "419150"]
[BlackFideId "4690370"]
[EventDate "2019.11.29"]

1. e4 d5 2. exd5 Qxd5 3. Nc3 Qd6 4. d4 Nf6 5. Nf3 c6 6. Bc4 Bg4 7. Be3 Nbd7 8.
h3 Bh5 9. g4 Bg6 10. Bd3 e6 11. a3 Qc7 12. Qd2 Bd6 13. Bg5 Bxd3 14. Qxd3 Bf4 15.
Bxf4 Qxf4 16. Qe3 Qd6 17. Ne5 Nd5 18. Nxd5 Qxd5 19. O-O-O O-O 20. Kb1 b5 21.
Nxd7 Qxd7 22. Rhe1 a5 23. b3 Rfd8 24. Qe5 Qe7 25. Kb2 Rd5 26. Qe4 b4 27. a4 Rad8
28. f4 Qf6 29. g5 Qf5 30. Qxf5 Rxf5 31. Re4 Rfd5 32. c4 bxc3+ 33. Kxc3 Kf8 34.
Re5 Ke7 35. Kc4 1/2-1/2

[Event "London Classic Open 2019"]
[Site "London ENG"]
[Date "2019.12.02"]
[Round "5.4"]
[White "Gordon, Stephen J"]
[Black "Makkar, Rajat"]
[Result "1-0"]
[WhiteTitle "GM"]
[BlackTitle "CM"]
[WhiteElo "2505"]
[BlackElo "2125"]
[WhiteFideId "411477"]
[BlackFideId "36016810"]
[EventDate "2019.11.29"]

1. d4 d5 2. c4 c6 3. Nf3 Nf6 4. e3 Bf5 5. Nc3 e6 6. Nh4 Bg6 7. Be2 Nbd7 8. O-O
Bd6 9. g3 O-O 10. Nxg6 hxg6 11. Qb3 Qb6 12. Rd1 Rfe8 13. Bd2 dxc4 14. Bxc4 Qxb3
15. Bxb3 b5 16. Be1 a5 17. Bc2 Nb6 18. Ne4 Nxe4 19. Bxe4 Nd5 20. Rac1 Rec8 21.
Rc2 Ne7 22. Rdc1 Ra6 23. f4 Kf8 24. Bd3 Raa8 25. Be4 Ra6 26. Bd3 Raa8 27. Kg2
Ke8 28. Kf3 Kd7 29. e4 Rcb8 30. g4 Rc8 31. h4 f5 32. Rg2 Rg8 33. gxf5 gxf5 34.
h5 Raf8 35. e5 Bc7 36. Bf2 g6 37. Bh4 Nd5 38. hxg6 Bb6 39. Bf2 Rg7 40. Rh1 Rfg8
41. Rh7 Ne7 42. Bh4 Nxg6 43. Rxg7+ Rxg7 44. Bf6 Rg8 45. d5 cxd5 46. Bxb5+ Kc8
47. Rc2+ Bc7 48. Rc6 Nf8 49. Be7 Kd7 50. Bd6 Bxd6 51. exd6 Rh8 52. Ra6+ Kc8 53.
Ra8+ Kb7 54. d7 Rh3+ 55. Kg2 Nxd7 56. Kxh3 Nb8 57. Rxb8+ Kxb8 58. Bd7 1-0

[Event "London Classic Open 2019"]
[Site "London ENG"]
[Date "2019.12.02"]
[Round "5.5"]
[White "Kirk, Ezra"]
[Black "Petrov, Martin"]
[Result "0-1"]
[WhiteTitle "IM"]
[BlackTitle "IM"]
[WhiteElo "2433"]
[BlackElo "2497"]
[WhiteFideId "600067"]
[BlackFideId "2911086"]
[EventDate "2019.11.29"]

1. e4 c5 2. Nf3 d6 3. Bb5+ Nd7 4. c3 Nf6 5. Qe2 a6 6. Ba4 b5 7. Bc2 Bb7 8. d4 g6
9. O-O Bg7 10. Re1 O-O 11. e5 Ne8 12. dxc5 dxe5 13. b4 a5 14. Qxb5 Qc7 15. Bg5
Nef6 16. Bxf6 Nxf6 17. Nxe5 axb4 18. cxb4 Nd5 19. c6 Bxe5 20. cxb7 Rad8 21. Bb3
e6 22. Na3 Bxa1 23. Rxa1 Rb8 24. Bxd5 exd5 25. Qd3 Rxb7 26. Nb5 Qc4 27. Qxc4
dxc4 28. a4 Ra8 0-1

[Event "London Classic Open 2019"]
[Site "London ENG"]
[Date "2019.12.02"]
[Round "5.9"]
[White "Fodor, Tamas Jr."]
[Black "Czerw, Dawid"]
[Result "0-1"]
[WhiteTitle "GM"]
[BlackTitle "FM"]
[WhiteElo "2533"]
[BlackElo "2255"]
[WhiteFideId "723762"]
[BlackFideId "1145746"]
[EventDate "2019.11.29"]

1. d4 Nf6 2. c4 e6 3. Nf3 d5 4. Nc3 c6 5. e3 a6 6. Qc2 c5 7. cxd5 exd5 8. Be2
Nc6 9. O-O Be6 10. Rd1 Nb4 11. Qb1 c4 12. Ng5 Be7 13. a3 Nc6 14. e4 Na5 15. exd5
Bxd5 16. Nxd5 Qxd5 17. Bf3 Qd7 18. d5 O-O 19. d6 Bd8 20. Qc2 h6 21. Ne4 Nxe4 22.
Bxe4 Nb3 23. Rb1 Nxc1 24. Rbxc1 Bf6 25. Qxc4 Rac8 26. Qd5 Rxc1 27. Rxc1 Rc8 28.
Rd1 Rd8 29. b3 Bb2 30. Qa5 Rc8 31. g3 g6 32. Bxb7 Rb8 33. Qc7 Rxb7 34. Qc5 Bf6
35. b4 Kg7 36. Rd3 Rb8 37. Qa5 Qb5 38. Qxb5 axb5 39. Kg2 Kf8 40. Kf3 Ke8 41. Ke4
Kd7 42. Kd5 Re8 43. Kc5 Re5+ 44. Kb6 Bg7 45. g4 Bf8 46. f4 Re4 47. Kxb5 Bxd6 48.
h3 Rxf4 49. Rb3 f5 50. gxf5 gxf5 51. a4 Kc7 52. a5 Kb7 53. Rb2 Re4 54. a6+ Ka7
55. Rg2 Rxb4+ 56. Ka5 Rc4 57. Rg6 Rc6 58. Rg7+ Rc7 59. Rg6 Be5 60. Rxh6 Rf7 61.
Re6 Bc3+ 62. Kb5 f4 0-1

[Event "London Classic Open 2019"]
[Site "London ENG"]
[Date "2019.12.02"]
[Round "5.11"]
[White "Flear, Glenn C"]
[Black "Risting, Eivind Olav"]
[Result "1-0"]
[WhiteTitle "GM"]
[BlackTitle "FM"]
[WhiteElo "2463"]
[BlackElo "2298"]
[WhiteFideId "400165"]
[BlackFideId "1517333"]
[EventDate "2019.11.29"]

1. d4 Nf6 2. c4 e6 3. Nf3 d5 4. Nc3 dxc4 5. e4 b5 6. e5 Nd5 7. Nxb5 Nb6 8. a4 a5
9. Be2 Nc6 10. O-O Be7 11. Be3 Ba6 12. Rc1 Nb4 13. Nd2 c6 14. Nc3 O-O 15. Nce4
Na2 16. Ra1 Nb4 17. Qb1 Qd7 18. Bg5 Bxg5 19. Nxg5 f5 20. exf6 gxf6 21. Ngf3 Qd5
22. Ne4 Rae8 23. Rd1 Kh8 24. Ra3 Re7 25. Nc5 Bc8 26. Ne1 Rg7 27. Bf3 Qd6 28. Nc2
N6d5 29. Ne3 Nf4 30. Nxc4 Nh3+ 31. Kf1 Qxh2 32. gxh3 e5 33. dxe5 fxe5 34. Nd6
Bxh3+ 35. Ke2 Bg4 36. Nce4 Rxf3 37. Rxf3 Bxf3+ 38. Kxf3 Qh5+ 39. Ke3 Qh6+ 40.
Ke2 Nd5 41. Rh1 Nf4+ 42. Kd2 Qe6 43. Qc2 Qd5+ 44. Kc1 Qa2 45. Rd1 Rg2 46. Qc4
Qxc4+ 47. Nxc4 h5 48. Nxe5 h4 49. Kd2 h3 50. Ke3 h2 51. Rh1 1-0

[Event "London Classic Open 2019"]
[Site "London ENG"]
[Date "2019.12.02"]
[Round "5.13"]
[White "Merry, Alan B"]
[Black "Lee, Qing Aun"]
[Result "1/2-1/2"]
[WhiteTitle "IM"]
[BlackTitle "FM"]
[WhiteElo "2426"]
[BlackElo "2228"]
[WhiteFideId "418811"]
[BlackFideId "5804167"]
[EventDate "2019.11.29"]

1. c4 e6 2. Nc3 d5 3. d4 Nf6 4. cxd5 exd5 5. Bg5 Be7 6. e3 c6 7. Bd3 O-O 8. Nf3
Ne4 9. Bxe7 Qxe7 10. Qc2 Bf5 11. O-O Nd7 12. b4 a6 13. a4 Rac8 14. Rfc1 Bg6 15.
Nd2 Ndf6 16. Bxe4 Bxe4 17. Qb3 Rfe8 18. b5 c5 19. dxc5 Qxc5 20. Ne2 Qd6 21. bxa6
bxa6 22. Nd4 Ng4 23. Nf1 Ne5 24. Ng3 Nc4 25. Nxe4 Rxe4 26. Rab1 Ree8 27. Rd1 h6
28. h3 Rb8 29. Qc3 Rxb1 30. Rxb1 Rb8 31. Rd1 Qg6 32. Ne2 Rb1 33. Qe1 Rxd1 34.
Qxd1 Qc6 35. Nf4 Nb2 36. Nxd5 Qxa4 37. Ne7+ Kf8 38. Qd8+ Qe8 39. Qd4 Qxe7 40.
Qxb2 Qd6 1/2-1/2

[Event "London Classic Open 2019"]
[Site "London ENG"]
[Date "2019.12.02"]
[Round "5.15"]
[White "McDonald, Neil"]
[Black "Goh, Zi Han"]
[Result "1-0"]
[WhiteTitle "GM"]
[BlackTitle "CM"]
[WhiteElo "2412"]
[BlackElo "2134"]
[WhiteFideId "400629"]
[BlackFideId "5819156"]
[EventDate "2019.11.29"]

1. e4 c5 2. Nf3 d6 3. Bb5+ Nd7 4. a4 Nf6 5. Qe2 a6 6. Bc4 e6 7. Nc3 Be7 8. O-O
O-O 9. d3 b6 10. Ng5 h6 11. Nh3 Ne5 12. Ba2 Nc6 13. f4 Nd4 14. Qd1 Bb7 15. Ne2
Qc7 16. Ng3 b5 17. c3 Nc6 18. f5 e5 19. Nh5 Rad8 20. Nf2 Nb8 21. Nxf6+ Bxf6 22.
Qh5 Qe7 23. Ng4 Nd7 24. Rf3 Bg5 25. Nxh6+ gxh6 26. Rg3 Nf6 27. Qxh6 1-0

[Event "London Classic Open 2019"]
[Site "London ENG"]
[Date "2019.12.02"]
[Round "5.16"]
[White "Vaishali, R"]
[Black "Ethelontis, Alexandros N"]
[Result "1-0"]
[WhiteTitle "WGM"]
[WhiteElo "2376"]
[BlackElo "2139"]
[WhiteFideId "5091756"]
[BlackFideId "405469"]
[EventDate "2019.11.29"]

1. e4 e6 2. d4 d5 3. Nd2 c5 4. Ngf3 Nc6 5. exd5 exd5 6. Bb5 Qe7+ 7. Be2 Qc7 8.
dxc5 Bxc5 9. Nb3 Be7 10. O-O Nf6 11. Bg5 O-O 12. c3 Be6 13. Nbd4 Rad8 14. Re1
Rfe8 15. Bb5 Ne4 16. Bxe7 Rxe7 17. Bxc6 bxc6 18. Nxc6 Qxc6 19. Rxe4 Rb8 20. Re2
Reb7 21. Nd4 Qc8 22. Qc1 Bg4 23. f3 Bf5 24. Qg5 Be6 25. Qc1 h6 26. b3 Rc7 27.
Re3 Rc5 28. Qd2 Rb7 29. Rae1 Rb6 30. R1e2 Kh7 31. Qd3+ g6 32. Re1 h5 33. Ne2
Rbc6 34. Qd4 Ra5 35. Nf4 Rxa2 36. Nxd5 Qf8 37. Nb4 Rd6 38. Qf4 Ra5 39. Rxe6 Rxe6
40. Rxe6 Qc5+ 41. Re3 1-0

[Event "London Classic Open 2019"]
[Site "London ENG"]
[Date "2019.12.02"]
[Round "5.17"]
[White "Beinoras, Mindaugas"]
[Black "Balaji, Aaravamudhan"]
[Result "1-0"]
[WhiteTitle "IM"]
[WhiteElo "2350"]
[BlackElo "2080"]
[WhiteFideId "12802085"]
[BlackFideId "436224"]
[EventDate "2019.11.29"]

1. d4 Nf6 2. Bg5 g6 3. Bxf6 exf6 4. e3 Bg7 5. c4 O-O 6. Nc3 f5 7. Nge2 d6 8. g3
Nd7 9. Bg2 Nf6 10. O-O Re8 11. Qd3 Qe7 12. Nd5 Nxd5 13. Bxd5 c6 14. Bg2 Rb8 15.
Nc3 Bd7 16. Rfe1 h5 17. b4 h4 18. Rab1 f4 19. gxf4 h3 20. Bf3 Qh4 21. Rbc1 Re7
22. Rf1 Rbe8 23. Qd1 f6 24. Ne2 g5 25. fxg5 fxg5 26. Ng3 g4 27. Bh1 Rf8 28. Qd3
Qh7 29. Qxh7+ Kxh7 30. Ne4 Bh6 31. Rc3 Re6 32. d5 Rg6 33. c5 cxd5 34. Nxd6 Rg5
35. Nxb7 Re5 36. Nd6 g3 37. hxg3 h2+ 38. Kxh2 Bxe3 39. Kg1 Bd2 40. Ra3 a5 41.
Rxa5 Bh3 42. Bg2 Bxg2 43. Kxg2 Bxb4 44. Rb5 Ba3 45. f4 Re3 46. Rf3 Re2+ 47. Kh3
Bb2 48. Rb7+ Kg6 49. c6 Rh8+ 50. Kg4 Bf6 51. f5+ 1-0

[Event "London Classic Open 2019"]
[Site "London ENG"]
[Date "2019.12.02"]
[Round "5.18"]
[White "Blackburn, Jonathan L B"]
[Black "Bates, Richard A"]
[Result "0-1"]
[WhiteTitle "FM"]
[BlackTitle "IM"]
[WhiteElo "2240"]
[BlackElo "2342"]
[WhiteFideId "1801090"]
[BlackFideId "403555"]
[EventDate "2019.11.29"]

1. d4 Nf6 2. c4 g6 3. Nc3 Bg7 4. e4 d6 5. Nge2 c6 6. Ng3 a6 7. a4 a5 8. h4 h5 9.
Bg5 Qb6 10. Qd2 Nbd7 11. Be2 e5 12. d5 cxd5 13. cxd5 Nc5 14. Ra3 Bd7 15. Bb5 Rc8
16. Qe2 O-O 17. Be3 Qd8 18. f3 Nh7 19. Bxd7 Qxd7 20. Nb5 Na6 21. Na7 Ra8 22. Qb5
Qc7 23. Rc3 Nc5 24. Rxc5 dxc5 25. Qxc5 Qd7 26. Qb5 Qe7 27. Qxa5 Rfe8 28. Ke2 Bf8
29. Qc3 Qd6 30. b4 Rxa7 31. Bxa7 Qa6+ 32. b5 Qxa7 33. a5 Bc5 34. Rc1 Bd4 35. Qc7
Nf8 36. Kf1 Ra8 37. Ne2 Qxa5 38. Qxb7 Be3 39. Rd1 Ra7 40. Qb8 Qa4 41. Ke1 Qb4+
42. Kf1 Qe7 43. g3 Rb7 0-1

[Event "London Classic Open 2019"]
[Site "London ENG"]
[Date "2019.12.02"]
[Round "5.21"]
[White "Walker, Martin G"]
[Black "Bradbury, Neil H"]
[Result "1/2-1/2"]
[WhiteTitle "FM"]
[BlackTitle "IM"]
[WhiteElo "2162"]
[BlackElo "2326"]
[WhiteFideId "410969"]
[BlackFideId "400513"]
[EventDate "2019.11.29"]

1. e4 c5 2. Nf3 e6 3. d4 cxd4 4. Nxd4 Nc6 5. Nc3 Qc7 6. Nxc6 dxc6 7. Bd3 Nf6 8.
O-O e5 9. Qe2 Bc5 10. Na4 Be7 11. c4 O-O 12. h3 Nd7 13. Be3 Qa5 14. b3 Nc5 15.
Nxc5 Bxc5 16. Bd2 Qc7 17. Bc3 Rd8 18. Rad1 Bd4 19. Bxd4 Rxd4 20. Bb1 c5 21. Rxd4
cxd4 22. Rc1 Qc5 23. Qb2 a5 24. a3 Be6 25. Bd3 h6 26. Kf1 Ra6 27. Ra1 Rb6 28.
Rb1 Qe7 29. Rd1 Bd7 30. Rb1 Qg5 31. Qe2 Rg6 32. Qf3 Rf6 33. Qe2 Rg6 34. Qf3 Rf6
35. Qe2 h5 36. c5 Rg6 37. Qf3 Qd2 38. Bc4 Rf6 39. Qe2 Qf4 40. Kg1 Qh4 41. Kf1
Bg4 42. f3 Bxf3 43. gxf3 Qxh3+ 44. Ke1 Rxf3 45. Kd2 Rg3 46. Rf1 Rg2 47. Bxf7+
Kh7 48. Rf2 Qc3+ 49. Kd1 Qa1+ 50. Kd2 Qb2+ 51. Kd1 Rg1+ 52. Rf1 1/2-1/2

[Event "London Classic Open 2019"]
[Site "London ENG"]
[Date "2019.12.02"]
[Round "5.23"]
[White "Sowray, Peter J"]
[Black "Sedykh, Mikhail"]
[Result "1/2-1/2"]
[WhiteTitle "FM"]
[WhiteElo "2316"]
[BlackElo "2134"]
[WhiteFideId "400971"]
[BlackFideId "447498"]
[EventDate "2019.11.29"]

1. d4 d5 2. c4 e6 3. Nc3 Nf6 4. cxd5 exd5 5. Bg5 c6 6. Qc2 Nbd7 7. e3 Be7 8. Bd3
h6 9. Bh4 Nh5 10. Bxe7 Qxe7 11. O-O-O Nb6 12. Nf3 Bg4 13. Kb1 Bxf3 14. gxf3
O-O-O 15. Rc1 Qb4 16. a3 Qe7 17. Qb3 Qf6 18. Rc2 Qxf3 19. Rhc1 Nf6 20. a4 Nc4
21. a5 a6 22. Na4 Ne4 23. Nb6+ Kb8 24. Nxc4 dxc4 25. Bxc4 Qf5 26. Qb4 c5 27.
dxc5 Qxc5 28. Qxc5 Nxc5 29. Bxf7 Nd3 30. Rd1 Nb4 31. Rcd2 Rxd2 32. Rxd2 Rf8 33.
Rd7 g5 34. f3 Nc6 35. Bd5 Nxa5 36. Rh7 Rf6 37. Kc2 Nc6 38. Kc3 Ne5 39. Bxb7 Nxf3
40. h3 Ng1 41. Bg2 Re6 42. Kd4 Rb6 43. Bf1 Rf6 44. Bc4 Nxh3 45. Ke5 Rb6 46. b3
g4 47. Rh8+ Kc7 48. Rh7+ Kd8 49. Rh8+ Ke7 50. Rh7+ Kd8 51. Rh8+ 1/2-1/2

[Event "London Classic Open 2019"]
[Site "London ENG"]
[Date "2019.12.02"]
[Round "5.27"]
[White "Hill, Alistair"]
[Black "Seymour, Timothy P"]
[Result "0-1"]
[WhiteElo "2193"]
[BlackElo "2107"]
[WhiteFideId "432407"]
[BlackFideId "412112"]
[EventDate "2019.11.29"]

1. Nf3 d5 2. g3 c6 3. Bg2 Bg4 4. O-O e6 5. d3 Bd6 6. Nbd2 Nd7 7. e4 Ne7 8. b3
O-O 9. Bb2 e5 10. h3 Bh5 11. Qe1 Re8 12. Nh4 Qc7 13. Kh1 a5 14. a4 Nc5 15. Ndf3
f6 16. Nh2 b5 17. axb5 cxb5 18. exd5 Bf7 19. Ng4 Bxd5 20. Ne3 Bxg2+ 21. Kxg2 Ne6
22. Qd1 Bb4 23. Qg4 Qc6+ 24. Kg1 Nd5 25. Nxd5 Qxd5 26. Rfd1 Nd4 27. c4 Qe6 28.
Bxd4 Qxg4 29. hxg4 exd4 30. cxb5 Rab8 31. Nf5 Red8 32. Rac1 g6 33. Nh6+ Kg7 34.
g5 fxg5 35. Ng4 Bc3 36. Rc2 Re8 37. Ne3 Rxb5 38. Nc4 Rxb3 39. Ra2 Re1+ 40. Rxe1
Bxe1 41. Kf1 Rb1 42. Ke2 Bc3 43. Nxa5 g4 44. f3 Bxa5 45. Rxa5 Rb2+ 46. Ke1 Rb1+
47. Kf2 Rb2+ 48. Ke1 gxf3 49. Ra4 Rg2 50. Rxd4 Rxg3 51. Kf2 Rh3 52. Re4 g5 53.
d4 h5 54. d5 g4 55. d6 Rh2+ 56. Ke1 Rh1+ 57. Kf2 Rd1 58. Re6 Kf7 59. Rh6 Rd2+
60. Ke1 f2+ 61. Kf1 g3 62. Rxh5 Rd1+ 0-1

[Event "London Classic Open 2019"]
[Site "London ENG"]
[Date "2019.12.02"]
[Round "5.28"]
[White "Russell, Christopher"]
[Black "Marusenko, Petr"]
[Result "1-0"]
[BlackTitle "IM"]
[WhiteElo "2190"]
[BlackElo "2085"]
[WhiteFideId "413569"]
[BlackFideId "14100606"]
[EventDate "2019.11.29"]

1. e4 c6 2. d4 d5 3. Nc3 dxe4 4. Nxe4 Bf5 5. Ng3 Bg6 6. Nh3 e6 7. Nf4 Bd6 8.
Ngh5 Nf6 9. Nxg7+ Kd7 10. Be2 Bxf4 11. Bxf4 Rg8 12. Bh6 Ne4 13. Nh5 Bxh5 14.
Bxh5 Qh4 15. Qf3 f5 16. Bf7 Rd8 17. Bf4 Rf8 18. g3 Qh3 19. Bxe6+ Kxe6 20. Qb3+
Ke7 21. Qb4+ c5 22. dxc5 Nd7 23. O-O-O a5 24. Qxb7 Nxc5 25. Bd6+ Kf6 26. Bxc5
Nxc5 27. Rd6+ Ne6 28. Rxe6+ Kxe6 29. Re1+ Kf6 30. Qe7+ 1-0

[Event "London Classic Open 2019"]
[Site "London ENG"]
[Date "2019.12.02"]
[Round "5.31"]
[White "Walker, Samuel A"]
[Black "Ahn, Sungmin"]
[Result "1/2-1/2"]
[WhiteElo "2039"]
[BlackElo "1780"]
[WhiteFideId "412813"]
[BlackFideId "13201034"]
[EventDate "2019.11.29"]

1. Nf3 g6 2. g3 Bg7 3. Bg2 e5 4. d3 d5 5. O-O Ne7 6. c4 c6 7. e3 O-O 8. Nc3 h6
9. Qc2 Be6 10. b3 Na6 11. a3 Qd7 12. Re1 Bh3 13. Bh1 Nc7 14. Bb2 Ne6 15. Rac1
Rac8 16. Qb1 g5 17. Ne2 Ng6 18. b4 g4 19. cxd5 cxd5 20. Nd2 Ng5 21. Qa2 Ne7 22.
Rxc8 Rxc8 23. Rc1 Rc6 24. Rxc6 bxc6 25. Qb3 Qf5 26. e4 Qd7 27. Nc3 d4 28. Na4
Ne6 29. Qc4 Qb7 30. Nc5 Nxc5 31. Qxc5 Qb5 32. Qc2 a5 33. Qc4 axb4 34. axb4 Bf8
35. Bg2 Bxg2 36. Kxg2 Nc8 37. Qc2 Qxb4 38. Nc4 Qb5 39. Qe2 h5 40. h3 gxh3+ 41.
Kxh3 Nb6 42. Nxb6 Qxb6 43. Bc1 Qb1 44. Qd2 Bg7 45. g4 hxg4+ 46. Kxg4 Qb3 47. Kf3
c5 48. Kg2 c4 49. Qg5 1/2-1/2